|
|
|
|
| LEADER |
00000nam a2200000 a 4500 |
| 001 |
vtls009465978 |
| 003 |
SK-MaSNL |
| 005 |
20260425230759.0 |
| 008 |
160610s2007 xo dl f 000 0 slo |
| 015 |
|
|
|a SNBA2009/04-01857
|
| 020 |
|
|
|a 9788089225248 (brož.)
|z 8089225248
|
| 035 |
|
|
|a A6D2E1CE-D314-4B0E-A9E4-928AD9EB9F19
|
| 035 |
|
|
|a urn:nbn:sk:snk-aml4fa
|
| 035 |
|
|
|a urn:nbn:sk:snk-am008wq7
|
| 040 |
|
|
|a SNK
|b slo
|c SNK
|e AACR2
|
| 041 |
0 |
|
|a slo
|
| 043 |
|
|
|a e-xo---
|
| 044 |
|
|
|a xo
|c SK
|
| 072 |
|
7 |
|a 37
|x Výchova a vzdelávanie
|2 konspekt
|
| 080 |
|
|
|a 373.3
|2 2001
|
| 080 |
|
|
|a 373.5/.6+377.1/.3
|2 2001
|
| 080 |
|
|
|a 331.54
|2 2001
|
| 080 |
|
|
|a 159.947.5
|2 2001
|
| 080 |
|
|
|a 37.03
|2 2001
|
| 080 |
|
|
|a 331.548
|2 2001
|
| 080 |
|
|
|a (437.6)
|2 2001
|
| 080 |
|
|
|a (047.31)
|2 2001
|
| 245 |
0 |
0 |
|a Výskum školskej a profesijnej orientácie žiakov
|b výsledky Bratislavského kraja : [Európsky sociálny fond : publikácia vznikla ako výstup z projektu ŠPÚ pod názvom Zlepšenie úrovne merania a monitorovania kvality vzdelávania v procese prípravy mládeže pre požiadavky trhu práce (kód projektu 13120120005), ktorý sa realizoval v rokoch 2005-2006]
|c autori: Štefan Vendel ... [et al.]
|
| 250 |
|
|
|a 1. vyd.
|
| 260 |
|
|
|a Bratislava
|b Štátny pedagogický ústav
|c 2007
|
| 300 |
|
|
|a 232 s.
|b grafy, sch., tab.
|c 25 cm
|
| 366 |
|
|
|e 500 výt.
|
| 504 |
|
|
|a Bibliogr. s. 134-138 s. Zoz. tab., grafov a skrat.
|
| 650 |
0 |
7 |
|a základné školy
|2 SNKPH
|9 1280
|
| 650 |
0 |
7 |
|a voľba povolania
|2 SNKPH
|9 2207
|
| 650 |
0 |
7 |
|a motivácia
|2 SNKPH
|9 1779
|
| 650 |
0 |
7 |
|a kľúčové kompetencie
|2 SNKPH
|9 67544
|
| 650 |
0 |
7 |
|a profesijná orientácia
|2 SNKPH
|9 432807
|
| 650 |
0 |
7 |
|a profesijné poradenstvo
|2 SNKPH
|9 69551
|
| 650 |
0 |
7 |
|a stredné školy
|2 SNKPH
|9 1279
|
| 650 |
0 |
7 |
|a Elementary schools
|2 SNKPHeng
|9 265049
|
| 650 |
0 |
7 |
|a Secondary schools
|2 SNKPHeng
|9 267200
|
| 650 |
0 |
7 |
|a Vocational guidance
|2 SNKPHeng
|9 329538
|
| 650 |
0 |
7 |
|a Motivation (psychology)
|2 SNKPHeng
|9 270854
|
| 650 |
0 |
7 |
|a Key competences
|2 SNKPHeng
|9 270153
|
| 650 |
0 |
7 |
|a Vocational counseling
|2 SNKPHeng
|9 315644
|
| 651 |
|
7 |
|a Bratislava (Slovensko)
|2 SNKPH
|9 14568
|
| 651 |
|
7 |
|a Bratislava (Slovakia)
|2 SNKPHeng
|9 171234
|
| 655 |
|
7 |
|a výskumné správy
|2 SNKPH
|9 70491
|
| 655 |
|
7 |
|a Research reports
|2 SNKPHeng
|9 308474
|
| 700 |
1 |
|
|a Vendel, Štefan,
|d 1951-
|4 aut
|9 6624
|
| 700 |
1 |
|
|a Kurajová Stopková, Janka
|4 aut
|9 82160
|
| 700 |
1 |
|
|a Sedlák Vendelová, Natália
|4 aut
|9 333466
|
| 700 |
1 |
|
|a Kuraj, Jozef
|4 aut
|9 25162
|
| 700 |
1 |
|
|a Mesárošová, Adriana
|4 aut
|9 45702
|
| 700 |
1 |
|
|a Sklenárová, Iveta
|4 aut
|9 25340
|
| 919 |
|
|
|a 978-80-89225-24-8
|
| 958 |
|
|
|a OND
|
| 968 |
|
|
|d 37
|
| 999 |
|
|
|c 685717
|d 687647
|
| 952 |
|
|
|a SNK
|b SNK
|y PREZ
|7 0
|p 17A0608570
|o snkSC 134222
|i snk2009/1054
|8 0
|0 0
|1 0
|4 0
|d 2009-01-27
|f 1
|l 0
|r 2025-06-30 00:00:00
|w 2026-02-23
|
| 952 |
|
|
|a SNK
|b SNK
|y VYP
|7 0
|p 17A0608571
|o snkSC 134222 D1
|i snk2009/1055
|8 0
|0 0
|1 0
|4 0
|d 2009-01-27
|l 0
|r 2026-02-23 20:11:06
|w 2026-02-23
|